000 00654nam a2200229 a 4500
999 _c2484
_d2484
001 2484
003 BD-JhCC
005 20171102201736.0
008 171102s2002 bg |||| ||a| 000 0 ben d
020 _a9844220237
035 _a(BD-JhCC)2484
040 _aBD-JhCC
_dBD-JhCC
041 _aben
082 _a891.443
_bGON 2002
100 _aগনি, আনোয়ার ইবনে
245 _aজি টি রোড /
_cআনোয়ার ইবনে গনি
260 _aঢাকা :
_bবিদ্যা প্রকাশ,
_c2002.
300 _a226 p. :
_c21 cm.
650 _aBengali Novel
942 _2ddc
_cBK